00906cam a22002294a 4500001000500000005001700005020001800022040002300040050001900063082001200082100003600094245004900130260004000179300004900219490001900268505000800287520025900295521002000554521002000574650006000594650002200654382020250903084344.0 a9780516234946 aDLCcDLCdDLCbeng00aLA205.F5b200200a370.9731 aThomas, Markd1963 September 8-10aSchool in Colonial America /cby Mark Thomas aNew York :bChildren's Press,c2002 a24 pages : bcolor illustrations ;c16 cm .  aWelcome Books  aJ  aWhat was life like before electricity, gas stoves, and the telphone? Students will have fun learn what life was like hundreds of years ago. From clothing and food to games and school, readers will find out about day-to-day life during the colonial times. a460 bLexile  aJ bRaz-Plus  0aEducationzUnited StatesxHistoryvJuvenile literature. 1aSchoolsxHistory.